00445nam a2200133 4500008004100000020001800041050002200059100002700081245006400108250002100172260003000193300007300223650001500296160709b xxu||||| |||| 00| 0 eng d a9780132549844 aHF 5415.M295 2011 aArmstrong, Gary.d2011 aMarketing:ban introduction /c Gary Armstrong...[et al.].. a4th Canadian ed. aToronto:bPearson,c2011. axxiii, 663 p. : ill.bIncludes bibliographical references and index. aMarketing.